000 00843nam a22002297a 4500
005 20250501143513.0
008 250501b |||||||| |||| 00| 0 eng d
020 _a978-81-302-0548-9 (hbk)
037 _cTB
040 _aAL
_cAL
041 _2Pun
_aPun
084 _aO153,1x R2
_qAL
100 _aਸਿੰਘ, ਨਾਹਰ
_9753668
245 _aਕੱਲਰ ਦੀਵਾ ਮੱਚਦਾ
260 _aਪਟਿਆਲਾ, ਭਾਰਤ:
_bਪੰਜਾਬੀ ਭਾਸ਼ਾ ਵਿਭਾਗ,
_c2022.
300 _a440ਪ.
365 _b500.00
_cINR
650 _aਪੰਜਾਬੀ ਸਾਹਿਤ
650 _aਪੁੱਜਬਾਈ ਕਾਵਿ
_9753677
942 _2CC
_cTB
_hO153,1x R2
_n0
999 _c1309898
_d1309898